Технология на горно дамско облекло (Запис номер 123585)
[ съкратено ]
| 000 -Лидер | |
|---|---|
| Контролно поле с фиксирана дължина | 01695nam a2200385 a 4500 |
| 003 - Код на организацията, давaща контролен номер | |
| Контролно поле | BLK |
| 005 - Дата и час на последна редакция | |
| Контролно поле | 20240610101450.0 |
| 008 - Елементи от данни с фиксирана дължина | |
| fixed length control field | 180409b bul|||||r ||||||| ||bul|| |
| 010 ## - Наследен системен номер | |
| LC control number | KNG00129246000 |
| 040 ## - Източник на каталожния запис | |
| Идентификатор на билиотеката - собственик на записа | BLK |
| 041 ## - Код за език | |
| Код за езика на текст/звукозапис или на отделно заглавие | Български |
| Код за езика КДБФ | Български |
| 080 ## - УДК | |
| Текстов определител УДК | Шивашка промишленост. Козметика |
| УДК код - определител по УДК | 687 |
| УДК определител | (075.32) |
| УДК - код + определител | 687(075.32) |
| 100 1# - Редна дума - Автор | |
| Автор | Афлатарлиева, Недка Г. |
| Авторска отговорност | първи автор |
| R(LIN) | 34836 |
| 139 ## - Редно поле | |
| Редна дума | Афлатарлиева, Недка Г. и др. |
| Авторски знак | Аф - А 94 |
| 245 10 - Сведения за заглавието | |
| Заглавие | Технология на горно дамско облекло |
| Подзаглавни данни | Учебник за II курс на техникумите по облекло |
| Редно поле (дума) | Недка Г. Афлатарлиева, Мария Н. Гайдарова, Тодор Сл. Кръстев. |
| 257 ## - Страна на издаване | |
| Страна на създаване/издаване | България |
| 260 ## - Област на издателските данни | |
| Място на издаване, разпространение и проч. | София |
| Име на издателя, разпространителя и проч. | Техника |
| Година на издаване | 1958 |
| 300 ## - Физическа характеристика | |
| Страници | 164 с. |
| Илюстрации и др. | с ил. |
| Размери/Мащаб | 22 см |
| 380 ## - Жанр | |
| Жанр | Техника |
| 500 ## - Общи забележки | |
| Забележка | 1 000 тир. |
| 650 #7 - Допълнително описание по предмет – тема | |
| Основно описание – тема или топоним | Облекло, дамско - технология |
| Източник на редна или ключова дума | |
| 9 (RLIN) | 164409 |
| 650 #4 - Допълнително описание по предмет – тема | |
| Основно описание – тема или топоним | Облекло - технология - учебници за средни училища |
| 9 (RLIN) | 249419 |
| 653 ## - Ключова дума – ненормативна | |
| Ключова дума | дамско облекло |
| 653 ## - Ключова дума – ненормативна | |
| Ключова дума | технологии |
| 653 ## - Ключова дума – ненормативна | |
| Ключова дума | учебници за средни училища |
| 700 1# - Други автори (авторска отговорност) | |
| Лично име | Гайдарова, Мария Н. |
| Автороска отговорност (Описва отношението между автора и произведението) | съавт. |
| 9 (RLIN) | 368290 |
| 700 1# - Други автори (авторска отговорност) | |
| Лично име | Кръстев, Тодор Сл. |
| Автороска отговорност (Описва отношението между автора и произведението) | съавт. |
| 9 (RLIN) | 318294 |
| 852 ## - Местоположение | |
| Форматна сигнатура | Цб 12345 |
| Фондова буква | Основен фонд - ползва се само за читалня |
| 856 4# - Електронен адрес и достъп | |
| Електронен формат | pdf - файл |
| 856 4# - Електронен адрес и достъп | |
| Електронен формат | pdf - файл |
| 999 ## - СИСТЕМНИ КОНТРОЛНИ НОМЕРА | |
| Koha biblionumber | 123585 |
| Koha biblioitemnumber | 123585 |
| 942 ## - АРТИКУЛИ | |
| Вид на библиотечния материал | Книги |
| Скрит в OPAC | Не |
| Периодичен библиозапис | Да |
| 944 ## - СЪЗДАВАНЕ И РЕДАКЦИЯ на ЗАПИСА | |
| Създаване/Редакция | Създаване |
| Дата на регистрацията/редакция | 23.03.2012 |
| Статус, дата на статуса | Геновева Генчева |
| Служител, извършил регистрацията/редакцията | 30560 |
| 944 ## - СЪЗДАВАНЕ И РЕДАКЦИЯ на ЗАПИСА | |
| Създаване/Редакция | Редакция |
| Дата на регистрацията/редакция | 01.09.2016 |
| Статус, дата на статуса | 23.03.2012 - от С1,Р / 23.03.2012 |
| Служител, извършил регистрацията/редакцията | Кети_Илиева |
| 999 ## - СИСТЕМНИ КОНТРОЛНИ НОМЕРА | |
| Koha biblioitemnumber | 123585 |
| Код за отписване | Код за изгубен артикул | Източник на класификационната схема | Код за повреда | Коз за рестрикции | Код за отдаване | Артикулен № | Име на библиотеката - собственик | Име на библиотеката, в която се намира в момента | Статус (Текущо местоположение) | Дата на вписване в системата | Местоположение - отдел | Цена в лева | Инвентарен номер | Систематично азбучна сигнатура | Баркод | Номер на екземпляра | Цена в евро | Служебна бележка | Служебен тип на артикула |
|---|---|---|---|---|---|---|---|---|---|---|---|---|---|---|---|---|---|---|---|
| Не е изгубен | Universal Decimal Classification | Не е повреден | само за читалня | ползва се в читалня | 200149 | Регионална библиотека "Любен Каравелов" Русе | Регионална библиотека "Любен Каравелов" Русе | Хранилище | 1958-01-01 | Хранилище | 0.41 | 15664/58 | Цб 12345 | 900000082099 | 1 | 0.21 | N: стар фонд Дата: 01.01.1958 | Книги |